| 000 | 00684nam a2200241Ia 4500 | ||
|---|---|---|---|
| 003 | OSt | ||
| 005 | 20220927110348.0 | ||
| 006 | a|||||r|||| 00| 0 | ||
| 007 | ta | ||
| 008 | 220926b |||||||| |||| 00| 0 eng d | ||
| 024 | _a55273 | ||
| 037 | _cReports | ||
| 040 |
_aRTL _cRTL _beng |
||
| 041 |
_2eng _aeng |
||
| 082 | _a"X:9.2.N66t:g, K9" | ||
| 100 |
_aLoomba Satish _9376673 |
||
| 245 | 0 | _aComments on Labour Commission report | |
| 260 |
_aNew _bDelhi All India Trade Union Congress India _c1969 |
||
| 300 |
_a108p. _ccm. |
||
| 650 | _aLabour Economics-India | ||
| 942 |
_h"X:9.2.N66t:g, K9" _cCC |
||
| 999 |
_c695812 _d695812 |
||